Catalog

Record Details

Catalog Search



Available copies

  • 1 of 1 copy available at LARL/NWRL Consortium. (Show)
  • 1 of 1 copy available at Northwest Regional Library.

Current holds

1 current hold with 1 total copy.

Show All Copies
Location Call Number / Copy Notes Barcode Shelving Location Status Due Date
Warroad Public Library WHI (Text) 35500005087976 Main Available -

Record details

  • ISBN: 9780451233073 (pbk.)
  • ISBN: 0451233077 (pbk.)
  • ISBN: 9781611296822 (hc)
  • Physical Description: 403 p. ; 21 cm.
  • Publisher: New York : New American Library Accent, 2011.

Content descriptions

Summary, etc.:
From the time she was twelve, Julie Holt knew what ... Read More
Subject: Self-realization in women > Fiction.
Women artists > Fiction.
Family secrets > Fiction.
Missing persons > Fiction.
Biloxi (Miss.) > Fiction.
New York (N.Y.) > Fiction.
LDR 02031cam a2200397 a 4500
001132940
003LARL_NWRL_CONSORTIUM
00520110701120408.0
008101220s2011 nyu 000 1 eng
010 . ‡a2010052283
020 . ‡a9780451233073 (pbk.)
020 . ‡a0451233077 (pbk.)
020 . ‡a9781611296822 (hc)
035 . ‡a(OCoLC)679930513
040 . ‡aDLC ‡cDLC ‡dIG# ‡dBTCTA ‡dWIQ ‡dVP@ ‡dB@L ‡dCDX
043 . ‡an-us-ms ‡an-us-ny
05000. ‡aPS3623.H5776 ‡bB43 2011
08200. ‡a813/.6 ‡222
1001 . ‡aWhite, Karen ‡q(Karen S.) ‡0(LARL_NWRL_CONSORTIUM)203295
24514. ‡aThe beach trees / ‡cKaren White.
260 . ‡aNew York : ‡bNew American Library Accent, ‡c2011.
300 . ‡a403 p. ; ‡c21 cm.
5200 . ‡aFrom the time she was twelve, Julie Holt knew what a random tragedy can do to a family. At that tender age, her little sister disappeared-never to be found. It was a loss that slowly eroded the family bonds she once relied on. As an adult with a prestigious job in the arts, Julie meets a struggling artist who reminds her so much of her sister, she can't help feeling protective. It is a friendship that begins a long and painful process of healing for Julie, leading her to a house on the Gulf Coast, ravaged by hurricane Katrina, and to stories of family that take her deep into the past.
650 0. ‡aSelf-realization in women ‡vFiction. ‡0(LARL_NWRL_CONSORTIUM)174928
650 0. ‡aWomen artists ‡vFiction. ‡0(LARL_NWRL_CONSORTIUM)167873
650 0. ‡aFamily secrets ‡vFiction. ‡0(LARL_NWRL_CONSORTIUM)164948
650 0. ‡aMissing persons ‡vFiction. ‡0(LARL_NWRL_CONSORTIUM)165976
651 0. ‡aBiloxi (Miss.) ‡vFiction.
651 0. ‡aNew York (N.Y.) ‡vFiction. ‡0(LARL_NWRL_CONSORTIUM)166410
948 . ‡hNO HOLDINGS IN LAL - 343 OTHER HOLDINGS
994 . ‡aZ0 ‡bLAL
901 . ‡a132940 ‡bOCLC ‡c132940 ‡tbiblio

Additional Resources